00713nam a2200205 a 450000100060000000300100000600500170001600800350003303500190006804000410008704100080012808200210013610000340015724500780019125000120026926000460028130000390032750401190036665100220048527077(BD-RjUL)20211209051117.0140324r19651963uk b 001 0 en1 d a(BD-RjUL)27148 aMUMcMUMdOCLdBD-RjULdBD-RjULbeng aeng a959.7bFAT 19651 aFall, Bernard B.,d1926-1967.14aThe two Viet-Nams :ba political and military analysis /cBernard B. Fall a1st ed. aLondon :bPall Mall,c1963 [Rrinted 1965] axii, 498 p :bill., maps ;c22 cm. aBibliographical references included in "Notes" (p. 449-478). Bibliography: p. 481-484 & Includes index: p.487-493. 0aVietnamxHistory.